[Event "Sants Hostafrancs op-C 18th"]
[Site "Barcelona"]
[Date "2016.08.26"]
[Round "8"]
[White "Conti, Angelo"]
[Black "Petit Montes, Marc"]
[Result "0-1"]
[WhiteElo "1658"]
[BlackElo "1770"]
[PlyCount "80"]
[EventDate "2016.08.19"]
[EventType "swiss"]
[EventRounds "10"]
[EventCountry "ESP"]
[SourceTitle "EXT 2019"]
[Source "ChessBase"]
[SourceDate "2018.10.10"]
[SourceVersion "1"]
[SourceVersionDate "2018.10.10"]
[SourceQuality "1"]

1. d4 d5 2. e3 Nf6 3. Bd3 Nc6 4. c3 e5 5. Nd2 Bd6 6. Ne2 0-0 7. 0-0 e4 8. Bb1 Bxh2+ 9. Kxh2 Ng4+ 10. Kg3 Qg5 11. f4 Qg6 12. f5 Qg5 13. Nf3 exf3 14. Kxf3 Nh2+ 15. Kf2 Nxf1 16. Kxf1 Qh5 17. Qd3 g6 18. f6 Bf5 19. e4 Bxe4 20. Qh3 Qxh3 21. gxh3 Rfe8 22. Nf4 Rad8 23. Kf2 Rd6 24. Bxe4 Rxe4 25. Kg3 Nd8 26. Bd2 c6 27. Nd3 b6 28. Rf1 Rde6 29. Bg5 Nb7 30. Ne5 c5 31. Bh6 Nd6 32. Ng4 Nf5+ 33. Kf3 Nxh6 34. Nxh6+ Kf8 35. Rd1 Rxf6+ 36. Kg3 Re3+ 37. Kh4 Rf4+ 38. Kg5 Ree4 39. Ng4 Kg7 40. Kh4 h5 0-1